Statistics for Daily Country Riddle #142

Click here to take the quiz!

General Stats

  • This quiz has been taken 68 times
  • The average score is 11 of 15

Answer Stats

TypeAnswer% Correct
Found LetterA
100%
Found LetterI
97%
Correctly Placed LetterA
95%
Found LetterN
95%
Correctly Placed LetterI
90%
Found LetterU
83%
Found LetterS
75%
Found LetterU
75%
Found LetterI
71%
Correctly Placed LetterN
71%
Correctly Placed LetterI
63%
Correctly Placed LetterU
63%
Correctly Placed LetterS
54%
Correctly Placed LetterT
54%
Mystery CountryTunisia
54%

Score Distribution

Percentile by Number Answered

Percent of People with Each Score

Your Score History

You have not taken this quiz